30 cidades mais populosas do México - Statistics

Estatísticas Gerais
  • Esse quiz foi jogado 28 vezes
  • A pontuação média é 9 de 30
Estatísticas das Respostas
# População Letra Cidade % Correto
1 9.209.944 C Cidade do México
100%
8 1.142.952 M Monterrey
86%
7 1.385.629 G Guadalajara
81%
2 1.810.645 T Tijuana
81%
14 888.797 C Cancún
71%
27 658.609 A Acapulco
67%
5 1.542.232 P Puebla
62%
4 1.579.803 L León
57%
6 1.501.551 C Ciudad Juárez
48%
21 794.789 Q Querétaro
29%
11 925.762 C Chihuahua
24%
17 855.563 H Hermosillo
19%
12 921.771 M Mérida
19%
22 743.275 M Morelia
19%
15 864.431 S Saltillo
19%
16 863.893 A Aguascalientes
10%
20 808.416 C Culiacán
10%
30 616.068 D Durango
10%
29 635.862 G Guadalupe
10%
18 854.186 M Mexicali
10%
24 691.557 R Reynosa
10%
25 690.193 T Torreón
10%
10 1.026.492 Z Zapopan
10%
23 703.215 C Chimalhuacán
5%
3 1.643.623 E Ecapetec de Morelos
5%
13 911.168 N Naucalpan
5%
19 845.941 S San Luis Potosí
5%
26 658.907 T Tlalnepantla
5%
28 650.123 T Tlaquepaque
5%
9 1.072.676 N Nezahualcóyoti
0%
Nenhum quiz correspondente encontrado
Distribuição das Pontuações
Porcentagem de Pessoas com Cada Pontuação
Percentil de Números Respondidos
Sua Pontuação Histórica
Você não jogou esse quiz